[Event "AUS-ch reserves"]
[Site "Melbourne"]
[Date "2002.01.07"]
[Round "9"]
[White "Lim, Nathanael"]
[Black "Mayevsky, David"]
[Result "1/2-1/2"]
[WhiteElo "1160"]
[BlackElo "1076"]
[PlyCount "93"]
[EventDate "2001.12.28"]
[EventType "swiss"]
[EventRounds "11"]
[EventCountry "AUS"]
[SourceTitle "EXT 2003"]
[Source "ChessBase"]
[SourceDate "2002.11.25"]
[SourceVersion "1"]
[SourceVersionDate "2002.11.25"]
[SourceQuality "1"]

1. e4 c5 2. Nf3 d6 3. d4 cxd4 4. Nxd4 Nf6 5. Nc3 g6 6. Be3 Bg7 7. f3 Nc6 8. Qd2 Nxd4 9. Bxd4 Be6 10. Bb5+ Bd7 11. Bxd7+ Qxd7 12. 0-0 e6 13. Rae1 e5 14. Be3 b6 15. Nd5 Nxd5 16. exd5 h5 17. b3 f5 18. Bd4 f4 19. Qxf4 0-0-0 20. Bxe5 Bxe5 21. Qc4+ Kb8 22. f4 Rc8 23. Qe4 Bc3 24. Re3 Rhe8 25. Qd3 Qg7 26. Rxe8 Rxe8 27. Qb5 Rc8 28. Qd3 Qd4+ 29. Kh1 Qb4 30. Qxg6 Qb5 31. Rd1 Qe2 32. Qxd6+ Ka8 33. Rg1 Bd4 34. Rc1 Qd2 35. Rf1 Bc5 36. Qe6 Kb8 37. Qe5+ Kb7 38. Qxh5 Rd8 39. Qh7+ Ka6 40. Qd3+ Qxd3 41. cxd3 Rxd5 42. Rf3 Bd4 43. g4 Ra5 44. a4 Rc5 45. g5 Rc1+ 46. Kg2 Rc2+ 47. Kg3 1/2-1/2